Stock market primer / (Record no. 12887)
[ view plain ]
| 000 -CABECERA | |
|---|---|
| campo de control de longitud fija | 00596nam a2200217 4500 |
| 001 - NÚMERO DE CONTROL | |
| campo de control | 000013256 |
| 005 - FECHA Y HORA DE LA ÚLTIMA TRANSACCIÓN | |
| campo de control | 20200929163158.0 |
| 008 - DATOS DE LONGITUD FIJA--INFORMACIÓN GENERAL | |
| campo de control de longitud fija | 700122t19701969nyu 001 0 eng |
| 010 ## - NÚMERO DE CONTROL DE LA BIBLIOTECA DEL CONGRESO | |
| Número de control de LC | 75088595 |
| 040 ## - FUENTE DE LA CATALOGACIÓN | |
| Centro catalogador/agencia de origen | DO-SdBNP |
| Centro/agencia transcriptor | DLC |
| Centro/agencia modificador | DLC |
| 050 00 - SIGNATURA TOPOGRÁFICA DE LA BIBLIOTECA DEL CONGRESO | |
| Número de clasificación | HG4921 |
| Número de documento/Ítem | .R58 1970 |
| 082 00 - NÚMERO DE LA CLASIFICACIÓN DECIMAL DEWEY | |
| Número de clasificación | 332.67/8 |
| 100 1# - ENTRADA PRINCIPAL--NOMBRE DE PERSONA | |
| Nombre de persona | Rosenberg, Claude N. |
| 9 (RLIN) | 30454 |
| 245 10 - MENCIÓN DE TÍTULO | |
| Título | Stock market primer / |
| Mención de responsabilidad, etc. | [by] Claude N. Rosenberg, Jr. |
| 250 ## - MENCIÓN DE EDICIÓN | |
| Mención de edición | Rev. ed. |
| 260 ## - PUBLICACIÓN, DISTRIBUCIÓN, ETC. | |
| Lugar de publicación, distribución, etc. | New York, : |
| Nombre del editor, distribuidor, etc. | World Pub. Co., |
| Fecha de publicación, distribución, etc. | [1970, c1969]. |
| 300 ## - DESCRIPCIÓN FÍSICA | |
| Extensión | 351 p. ; |
| Dimensiones | 22 cm. |
| 350 ## - PRECIO (NR) (BK AM CF MU VM SE) [OBSOLETO] | |
| Precio | 6.95 |
| 650 #0 - PUNTO DE ACCESO ADICIONAL DE MATERIA--TÉRMINO DE MATERIA | |
| Término de materia o nombre geográfico como elemento de entrada | Stocks |
| Subdivisión geográfica | United States. |
| 9 (RLIN) | 30455 |
| 910 ## - DATOS DE OPCIÓN DEL USUARIO (OCLC) | |
| Datos de opción del usuario | DC |
| Estado de retiro | Estado de pérdida | Restricciones de uso | No para préstamo | Código de colección | Localización permanente | Ubicación/localización actual | Ubicación en estantería | Fecha de adquisición | Número de inventario | Total de préstamos | Signatura topográfica completa | Código de barras | Fecha visto por última vez | Precio válido a partir de | Tipo de ítem Koha |
|---|---|---|---|---|---|---|---|---|---|---|---|---|---|---|---|
| Préstamo interno | Monografías: Libros y Folletos | General | General | En catalogación | 20.11.2009 | LF1 | 332.67/8 | 13256-10 | 25.06.2020 | 25.06.2020 | Préstamo interno |
